000 02786cam a2200409 i 4500
001 bcotR000155
005 20210215102153.0
006 m u
007 cr cn ---uuuuu
008 160713s2015 tcu o 000 0 eng d
035 _a(OCoLC)956400307
037 _bBCOpenCampus
_cCostFree
_fFormOnline
_gAccessOpen
040 _aCN8ML
_beng
_erda
_cCN8ML
_dK6U
050 4 _aTA168
_bB49 2016
100 1 _aBeyenir, Serhat,
_eauthor.
245 1 2 _aA brief introduction to engineering computation with MATLAB /
_cby Serhat Beyenir.
264 1 _bOpenStax-CNX,
264 2 _bBCcampus, BC Open Textbook Project
300 _a1 online resource (166 pages)
500 _aThis work is licensed under the Creative Commons Attribution-NonCommercial-ShareAlike License.
500 _aThis bibliographic record is available under the Creative Commons CC0 "No Rights Reserved" license.
520 _a"A Brief Introduction to Engineering Computation with MATLAB is specifically designed for students with no programming experience. However, students are expected to be proficient in First Year Mathematics and Sciences and access to good reference books are highly recommended. Students are assumed to have a working knowledge of the Mac OS X or Microsoft Windows operating systems. The strategic goal of the course and book is to provide learners with an appreciation for the role computation plays in solving engineering problems. MATLAB specific skills that students are expected to be proficient at are: write scripts to solve engineering problems including interpolation, numerical integration and regression analysis, plot graphs to visualize, analyze and present numerical data, and publish reports."--BC Campus website.
588 _aDescription based on online resource; title from pdf title page (viewed on July 13, 2016).
590 _aMade available online by BCcampus BC Open Textbook Project.
650 0 _aSystems engineering
_vTextbooks.
655 0 _aElectronic books.
710 2 _aOpenStax College,
_eissuing body.
710 2 _aBC Open Textbook Project,
_edistributor.
710 2 _aBCcampus.
856 4 0 _3OpenStax
_u https://cnx.org/contents/qTr2bTqz@11.7:IZLgFOgb@3/Acknowledgements
856 4 0 _3BC Open Textbook Project title homepage
_uhttps://open.bccampus.ca/find-open-textbooks/?uuid=e12e3911-8a06-497e-b8c9-99e347092af0&contributor=&keyword=&subject=
856 4 0 _3BC Open Textbook Project PDF file
_uhttp://solr.bccampus.ca:8001/bcc/file/e12e3911-8a06-497e-b8c9-99e347092af0/1/a-brief-introduction-to-engineering-computation-with-matlab-11.4.pdf
999 _c28300
_d28300